[Event "GER-ch Net blitz qual2"]
[Site "Playchess.com INT"]
[Date "2021.05.04"]
[Round "6"]
[White "Frohnhaeuser, Simon"]
[Black "Wesener, Lorenz"]
[Result "1-0"]
[WhiteElo "1894"]
[BlackElo "1571"]
[PlyCount "59"]
[EventDate "2021.05.04"]
[EventType "swiss (blitz)"]
[EventRounds "11"]
[EventCountry "GER"]
[SourceTitle "CBM 202 Extra"]
[Source "ChessBase"]
[SourceDate "2021.07.31"]
[SourceVersion "1"]
[SourceVersionDate "2021.07.31"]
[SourceQuality "1"]

1. Nf3 d5 2. g3 Nf6 3. Bg2 c6 4. 0-0 Bf5 5. d3 g6 6. Nbd2 Bg7 7. Rb1 0-0 8. c4 Re8 9. b4 e5 10. Qb3 e4 11. Nd4 exd3 12. Nxf5 dxe2 13. Re1 gxf5 14. Bb2 dxc4 15. Nxc4 Nd5 16. Bxg7 Kxg7 17. Qf3 Qf6 18. Rb3 Nd7 19. Bh3 b5 20. Ne3 Nxe3 21. Rxe3 Rxe3 22. Qxe3 Ne5 23. Rxe2 Nc4 24. Qf3 Rd8 25. Bxf5 Rd1+ 26. Kg2 Rd5 27. Qg4+ Kf8 28. Bxh7 Qg7 29. Qc8+ Rd8 30. Qxd8# 1-0

[Event "GER-ch Net blitz qual2"]
[Site "Playchess.com INT"]
[Date "2021.05.04"]
[Round "4"]
[White "Wesener, Lorenz"]
[Black "Erler, Rainer"]
[Result "1-0"]
[WhiteElo "1571"]
[BlackElo "1729"]
[PlyCount "57"]
[EventDate "2021.05.04"]
[EventType "swiss (blitz)"]
[EventRounds "11"]
[EventCountry "GER"]
[SourceTitle "CBM 202 Extra"]
[Source "ChessBase"]
[SourceDate "2021.07.31"]
[SourceVersion "1"]
[SourceVersionDate "2021.07.31"]
[SourceQuality "1"]

1. e4 e5 2. d4 exd4 3. c3 d5 4. Qxd4 dxe4 5. Qxd8+ Kxd8 6. Bc4 f5 7. Bg5+ Be7 8. Bxe7+ Kxe7 9. Nd2 Nc6 10. Ne2 Ne5 11. Nf4 Nxc4 12. Nxc4 c6 13. 0-0-0 Nf6 14. Rhe1 g5 15. Ne2 Be6 16. Ne5 Rad8 17. b3 Rd5 18. Rxd5 cxd5 19. c4 Kd6 20. cxd5 Bxd5 21. Nc4+ Bxc4 22. bxc4 Rc8 23. Rd1+ Ke5 24. Kb2 Rxc4 25. Rd8 Rc6 26. Nc3 Rb6+ 27. Kc2 Rd6 28. Rf8 Rc6 29. Kb2 1-0

[Event "GER-ch Net blitz qual2"]
[Site "Playchess.com INT"]
[Date "2021.05.04"]
[Round "2"]
[White "Wesener, Lorenz"]
[Black "Goldenstein, Arnd"]
[Result "1-0"]
[WhiteElo "1571"]
[BlackElo "1732"]
[PlyCount "77"]
[EventDate "2021.05.04"]
[EventType "swiss (blitz)"]
[EventRounds "11"]
[EventCountry "GER"]
[SourceTitle "CBM 202 Extra"]
[Source "ChessBase"]
[SourceDate "2021.07.31"]
[SourceVersion "1"]
[SourceVersionDate "2021.07.31"]
[SourceQuality "1"]

1. e4 e5 2. d4 exd4 3. c3 d5 4. Qxd4 Nf6 5. Bg5 Nc6 6. Bxf6 Qxf6 7. Qxf6 gxf6 8. exd5 Ne5 9. Nd2 Rg8 10. 0-0-0 Bf5 11. Ngf3 0-0-0 12. Nxe5 fxe5 13. c4 f6 14. f3 Bh6 15. g4 Bg6 16. b3 c6 17. Kb2 cxd5 18. cxd5 Rxd5 19. Bc4 Rgd8 20. Bxd5 Rxd5 21. Ne4 Rd4 22. Rxd4 exd4 23. Rd1 f5 24. Nd6+ Kc7 25. Nxf5 Bf4 26. Kc2 Bxh2 27. Kd3 h5 28. Rc1+ Kb6 29. Ke4 Bc7 30. Kxd4 hxg4 31. fxg4 a6 32. Ke4 Bd8 33. Kf4 Kb5 34. Ke5 Kb4 35. Rc8 Ba5 36. Rc4+ Kb5 37. a3 Bb6 38. Nd4+ Ka5 39. Ra4# 1-0

[Event "GER Cup Net V3 U2000"]
[Site "Playchess.com INT"]
[Date "2020.05.27"]
[Round "3"]
[White "Wesener, Lorenz"]
[Black "Cordes, Jule Johanne"]
[Result "1-0"]
[WhiteElo "1546"]
[BlackElo "1689"]
[PlyCount "57"]
[EventDate "2020.05.27"]
[EventType "swiss (blitz)"]
[EventRounds "9"]
[EventCountry "GER"]
[SourceTitle "EXT 2021"]
[Source "ChessBase"]
[SourceDate "2020.10.23"]
[SourceVersion "1"]
[SourceVersionDate "2020.10.23"]
[SourceQuality "1"]

1. e4 c5 2. d4 cxd4 3. c3 dxc3 4. Nxc3 d6 5. Nf3 Nc6 6. Bc4 e6 7. 0-0 Nf6 8. Re1 e5 9. b4 h6 10. Qb3 Qc7 11. Nd5 Nxd5 12. Bxd5 a6 13. Bb2 Bg4 14. Rac1 Qd7 15. h3 Bxf3 16. Bxc6 bxc6 17. Qxf3 Be7 18. Red1 Qc7 19. a3 0-0 20. Rc2 Rac8 21. Rdc1 Qb7 22. Qg3 Bf6 23. Qg4 Rc7 24. f4 Rfc8 25. Rd1 Rd8 26. fxe5 Qb6+ 27. Kh1 Be7 28. exd6 Rxd6 29. Qxg7# 1-0

[Event "GER Cup Net V3 U2000"]
[Site "Playchess.com INT"]
[Date "2020.05.27"]
[Round "9"]
[White "Wesener, Lorenz"]
[Black "Noack, Thomas"]
[Result "1/2-1/2"]
[WhiteElo "1551"]
[BlackElo "1583"]
[PlyCount "131"]
[EventDate "2020.05.27"]
[EventType "swiss (blitz)"]
[EventRounds "9"]
[EventCountry "GER"]
[SourceTitle "EXT 2021"]
[Source "ChessBase"]
[SourceDate "2020.10.23"]
[SourceVersion "1"]
[SourceVersionDate "2020.10.23"]
[SourceQuality "1"]

1. e4 e5 2. Nf3 Nc6 3. d4 exd4 4. Nxd4 Bc5 5. c3 Qf6 6. Be3 Nge7 7. Nd2 Nxd4 8. Bxd4 Bxd4 9. cxd4 Qxd4 10. Qc2 Nc6 11. a3 0-0 12. Bd3 d6 13. 0-0 Be6 14. Nf3 Qf6 15. e5 Nxe5 16. Nxe5 Qxe5 17. Bxh7+ Kh8 18. Rfe1 Qh5 19. Bd3 c6 20. Re3 Kg8 21. Rae1 Rae8 22. Be2 Qg5 23. Rg3 Qf5 24. Bd3 Qf6 25. Ree3 Bd7 26. Bh7+ Kh8 27. Rgf3 Rxe3 28. fxe3 Qh6 29. Bf5 Bxf5 30. Qxf5 Kg8 31. Qd7 Qe6 32. Qxb7 Qc4 33. h3 f6 34. Qxa7 Qc1+ 35. Kh2 Qxb2 36. Qa4 Qe5+ 37. Kh1 c5 38. Qc4+ Kh7 39. Qh4+ Kg8 40. Qc4+ Kh8 41. e4 Rb8 42. Rf1 Rb2 43. Qf7 Qxe4 44. Qh5+ Kg8 45. Qg4 Qxg4 46. hxg4 Rb3 47. Ra1 c4 48. a4 c3 49. Kh2 c2 50. Rc1 Ra3 51. Rxc2 Rxa4 52. Rc6 Rd4 53. Kh3 Kf7 54. g3 Ke6 55. Kh4 Ke5 56. Rc7 g5+ 57. Kh5 Rd2 58. Re7+ Kd5 59. Kg6 Rh2 60. Kxf6 Kd4 61. Kxg5 d5 62. Rd7 Rg2 63. Kh4 Rh2+ 64. Kg5 Rg2 65. Kh4 Rh2+ 66. Kg5 1/2-1/2

[Event "GER Cup Net V2 U2000"]
[Site "Playchess.com INT"]
[Date "2020.05.22"]
[Round "8"]
[White "Furchtbar, Uwe"]
[Black "Wesener, Lorenz"]
[Result "0-1"]
[WhiteElo "1646"]
[BlackElo "1557"]
[PlyCount "76"]
[EventDate "2020.05.22"]
[EventType "swiss (blitz)"]
[EventRounds "9"]
[EventCountry "GER"]
[SourceTitle "EXT 2021"]
[Source "ChessBase"]
[SourceDate "2020.10.23"]
[SourceVersion "1"]
[SourceVersionDate "2020.10.23"]
[SourceQuality "1"]

1. e4 e5 2. Nf3 Nf6 3. Nc3 Nc6 4. d4 exd4 5. Nxd4 Nxd4 6. Qxd4 d6 7. Bg5 h6 8. Bxf6 Qxf6 9. Qxf6 gxf6 10. Nd5 Kd8 11. 0-0-0 Bg7 12. Bc4 Be6 13. Bb3 Kd7 14. Nf4 Rhd8 15. Nh5 Bh8 16. f4 Bg4 17. Nxf6+ Bxf6 18. Rd3 Be6 19. Ba4+ c6 20. e5 Be7 21. Rhd1 d5 22. c4 Ke8 23. cxd5 b5 24. dxe6 Rxd3 25. exf7+ Kxf7 26. Rxd3 bxa4 27. Rd7 Ke6 28. Rb7 Bc5 29. Rh7 Be3+ 30. Kc2 Bxf4 31. g3 Bxe5 32. Rxh6+ Kd5 33. Kd3 Rf8 34. Rh7 Rf3+ 35. Ke2 Rf6 36. b3 axb3 37. axb3 Re6 38. Rxa7 Bd4+ 0-1

[Event "GER Cup Net V2 U2000"]
[Site "Playchess.com INT"]
[Date "2020.05.22"]
[Round "7"]
[White "Wesener, Lorenz"]
[Black "Braeutigam, Alexander"]
[Result "1/2-1/2"]
[WhiteElo "1557"]
[BlackElo "1650"]
[PlyCount "75"]
[EventDate "2020.05.22"]
[EventType "swiss (blitz)"]
[EventRounds "9"]
[EventCountry "GER"]
[SourceTitle "EXT 2021"]
[Source "ChessBase"]
[SourceDate "2020.10.23"]
[SourceVersion "1"]
[SourceVersionDate "2020.10.23"]
[SourceQuality "1"]

1. e4 c6 2. d4 d5 3. e5 Bf5 4. Nf3 e6 5. Bd3 Bxd3 6. Qxd3 Ne7 7. c3 Ng6 8. 0-0 Be7 9. Be3 Nd7 10. Nbd2 0-0 11. h3 c5 12. Nh2 cxd4 13. cxd4 Bg5 14. Rac1 Bxe3 15. Qxe3 Rc8 16. Nb3 Qe7 17. Nf3 h6 18. a3 Nb6 19. Nc5 Nc4 20. Qb3 b6 21. Nd3 Na5 22. Qa4 Nc4 23. Qb3 Rc7 24. Nb4 Rfc8 25. Na6 Rc6 26. Qb5 Nxa3 27. Rxc6 Nxb5 28. Rxc8+ Kh7 29. Rfc1 Nf4 30. Kf1 Nd3 31. R1c2 Qb7 32. Nb8 Nxb2 33. Rf8 Nc4 34. Ra2 Qe7 35. Rc8 Qb7 36. Rf8 Qe7 37. Rc8 Qb7 38. Rf8 1/2-1/2

[Event "Mecklenburg VP-ch op"]
[Site "Neubrandenburg"]
[Date "2018.04.28"]
[Round "2.3"]
[White "Wesener, Lorenz"]
[Black "Wolter, Guenter"]
[Result "0-1"]
[WhiteElo "1750"]
[BlackElo "1825"]
[PlyCount "64"]
[EventDate "2018.04.28"]
[EventType "swiss"]
[EventRounds "7"]
[EventCountry "GER"]
[SourceTitle "EXT 2023"]
[Source "ChessBase"]
[SourceDate "2022.10.05"]
[SourceVersion "1"]
[SourceVersionDate "2022.10.05"]
[SourceQuality "1"]

1. c4 Nf6 2. g3 c5 3. Bg2 Nc6 4. Nc3 e6 5. e3 d5 6. cxd5 Nxd5 7. Nf3 Be7 8. 0-0 0-0 9. a3 Rb8 10. Qc2 b5 11. Rd1 a6 12. e4 Nxc3 13. dxc3 Qb6 14. Be3 Qc7 15. Rac1 e5 16. Rd2 Be6 17. Ng5 Bxg5 18. Bxg5 Na5 19. Re1 h6 20. Be3 Bb3 21. Qc1 Nc4 22. Rd3 Rbd8 23. Bf1 Rxd3 24. Bxd3 Nxe3 25. Rxe3 Rd8 26. Bc2 Be6 27. Rd3 Rxd3 28. Bxd3 Qd6 29. Bc2 Bc4 30. Qe3 Qe6 31. Qxc5 Qh3 32. Qxe5 Qf1# 0-1

[Event "Mecklenburg VP LL2 West 1213"]
[Site "Mecklenburg VP"]
[Date "2012.12.09"]
[Round "4.5"]
[White "Wesener, Lorenz"]
[Black "Peschke, Wolfgang"]
[Result "0-1"]
[WhiteElo "1585"]
[BlackElo "1673"]
[PlyCount "80"]
[EventDate "2012.10.14"]
[EventType "team-tourn"]
[EventRounds "9"]
[EventCountry "GER"]
[SourceTitle "EXT 2022"]
[Source "ChessBase"]
[SourceDate "2021.10.06"]
[SourceVersion "1"]
[SourceVersionDate "2021.10.06"]
[SourceQuality "1"]
[WhiteTeam "Gadebusch"]
[BlackTeam "Schwerin SF IV"]
[WhiteTeamCountry "GER"]
[BlackTeamCountry "GER"]

1. c4 Nf6 2. Nc3 g6 3. g3 Bg7 4. Bg2 0-0 5. e3 d6 6. Nge2 Nc6 7. 0-0 e5 8. d4 Re8 9. a3 a5 10. Qb3 Nd7 11. d5 Nc5 12. Qc2 Nb8 13. Bd2 Nbd7 14. b4 axb4 15. axb4 Rxa1 16. Rxa1 Na6 17. b5 Nac5 18. e4 Nb6 19. Nd1 f5 20. Be3 Nxe4 21. Bxe4 fxe4 22. Bxb6 cxb6 23. Ra8 Qg5 24. Qxe4 Rf8 25. Qe3 Qf5 26. Qxb6 Qd3 27. Ndc3 Qxc4 28. Qxd6 e4 29. Na4 Qxe2 30. Qc5 Qd1+ 31. Kg2 Bh3+ 32. Kxh3 Rxa8 33. Nb6 Qf1+ 34. Kg4 Qe2+ 35. Kh3 Qh5+ 36. Kg2 Rd8 37. Qe7 Qf3+ 38. Kh3 Bf6 39. Qe6+ Kg7 40. Nd7 Qf5+ 0-1